000 01370cam a2200313 4500
001 ne 67000037
003 DLC
005 20260227111828.0
008 840723m19659999ku bd f000 0 arar
010 _ane 67000037
040 _aDLC
_cDLC
_dDLC
050 0 0 _aPJ6620
_b.M86 1965
100 2 _aMurtaḍá al-Zabīdī, Muḥammad ibn Muḥammad,
_d1732 or 1733-1791.
245 1 0 _aTāj al-ʻarūs min jawāhir al-qāmūs /
_cli-Muḥammad Murtaḍá al-Ḥusaynī al-Zabīdī ; Taḥqīq ʻAbd al-Sattār Aḥmad Farrāj ; Rājaʻatʻhu lajnah fannīyah min Wizārat al-Irshād wa-al-Anbāʼ.
260 _a[al-Kuwayt] :
_bMaṭbaʻat Ḥukūmat al-Kuwayt,
_c1965-<1997>
300 _av. <1-25, 28-29> ;
_c31 cm.
490 1 _aal-Turāth al-ʻArabī ;
_v16
500 _aTitle on p. [4] of cover: Tāj al-ʻarūs.
500 _aVols. individually edited by different groups of scholars.
504 _aIncludes bibliographical references.
650 0 _aArabic language
_vDictionaries.
700 1 _aFarrāj, ʻAbd al-Sattār Aḥmad.
700 1 _aḤulw, ʻAbd al-Fattāḥ Muḥammad.
700 1 _aʻUmar, Aḥmad Mukhtār.
700 1 _aJumʻah, Khālid ʻAbd al-Karīm.
700 1 _aFīrūzābādī, Muḥammad ibn Yaʻqūb,
_d1329-1414 or 1415.
_tQāmūs al-muḥīṭ.
740 0 _aTāj al-ʻarūs.
830 0 _aTurāth al-ʻArabī (Kuwait) ;
_v16.
999 _c49299
_d49299